Ensayos sobre el ciclo económico /

Guardado en:
Autor Principal: Haberler, Gottfried.
Formato: Libro
Idioma:Spanish
Publicado: México : Fondo de cultura económica, 1956.
Edición:2. ed.
Etiquetas: Agregar Etiqueta
Sin Etiquetas, Sea el primero en etiquetar este registro!
LEADER 00574nam a22001695a 4500
001 EUN.um014148
003 AR-BaUNS
005 20050623122856.0
008 041125s1956####mx#a##########000#0#spa#d
245 1 0 |a Ensayos sobre el ciclo económico /  |c Gottfried Haberler. 
260 |a México :  |b Fondo de cultura económica,  |c 1956. 
300 |a 518 p. :  |b ilus. ;  |c 23 cm. 
100 1 |a Haberler, Gottfried. 
082 0 4 |a 338.54 
250 |a 2. ed. 
859 |a Ar-BaUNS  |b BIB. CENTRAL - Sector C  |h 338.54  |i H114a2  |p 1926/963 
859 |a Ar-BaUNS  |b BIB. CENTRAL - Sector C  |h 338.54  |i H114a2  |p D1936/965  |t Ej.2